Tradiciones peruanas : (Registro nro. 257)
[ vista simple ]
| 000 -Cabecera | |
|---|---|
| Campo de control interno | 00598nam a2200193Ia 4500 |
| 005 - Fecha y hora del registro | |
| control field | 20251205091930.0 |
| 008 - Elementos de Longitud Fija | |
| fixed length control field | 251203t9999||||xx |||||||||||||| ||spa|| |
| 041 ## - Idioma | |
| Codigo Idioma | ESP |
| 082 ## - DEWEY y NOTACIÓN INTERNA | |
| Dewey | 869.56 |
| Notación Interna | P19 |
| 100 ## - AUTOR | |
| Autor denominación | Palma, Ricardo, |
| Títulos y otras palabras asociadas con el nombre | AUT |
| 245 #0 - TÍTULO DE MATERIAL BIBLIOGRÁFICO | |
| Título | Tradiciones peruanas : |
| Título paralelo | Tomos 1-8 |
| 260 ## - CIUDAD, EDITORIAL, AÑO | |
| Ciudad | [Lugar de publicación no identificado] : |
| Nombre de la Editorial | La República División Editorial, |
| Año | [Fecha de publicación no identificada] |
| 300 ## - DESCRIPCIÓN | |
| N° Páginas | 256 páginas : |
| Otros detalles | ilustraciones ; |
| Dimensiones | 21 cm. |
| 650 ## - TEMAS | |
| Temas | Literatura |
| 653 ## - DESCRIPTORES | |
| Lenguajes no controlado | Literatura peruana - Siglo XX |
| 654 ## - PROGRAMAS | |
| Programa | Todos los programas |
| 942 ## - ELEMENTOS DE KOHA | |
| Tipo de documento | Libro |
| Nombre del creador | Justo Noguera |
| Código de catalogador | Margarita Torres |
| Esquema de clasificación | Dewey Decimal Classification |
| Codigo completo | Registro | Colección | Copia número | Disponibilidad | Tipo de préstamo | Biblioteca Actual | Procedencia (Biblioteca) | Ubicacón | Fecha Ingreso | Tipo de Adquisición | Date last seen | Total checkouts | Price effective from | Tipo de Item | Estado del Material | Fuente de Clasificación | Damaged status | Withdrawn status |
|---|---|---|---|---|---|---|---|---|---|---|---|---|---|---|---|---|---|---|
| 869.56 P19 | 1085130 | Colección Vera Bejar | 1 | Restringido | Víctor Andrés Belaunde | Víctor Andrés Belaunde | Planta baja cerrada | 03/12/2025 | Donación | 03/12/2025 | 03/12/2025 | Libro | Bueno | Dewey Decimal Classification | Withdrawn |




